000 01338nam a2200349 a 4500
001 000109438
003 CHAP
005 20220329144051.0
008 140429s2013 mx a sm |||||||spa d
010 _a105900
011 _a106872
040 _cCHAP
090 _aTesis
100 1 _aValero de la Rosa, Fabiana
_9126662
245 1 0 _aThekopsora minima en zarzamora silvestre y su hiperparásito en la sierra norte de Puebla, México
_h[En línea]
_cpor Faviana Valero de la Rosa.
260 _aChapingo, Méx. :
_bEl autor.,
_c2013.
500 _aPara ver el contenido del material haga clic en la liga
502 _aTesis (Ing. Agr. Esp. en Parasitología Agrícola) -- UACH. Departamento de Parasitología Agrícola
590 _aBATCH-UPD
_b05
_c20140429
_lUCH01
_h1211
590 _aBATCH-UPD
_b05
_c20141002
_lUCH01
_h0902
590 _aE5652GLJ
_b05
_c20140429
_lUCH01
_h1210
590 _aE5652GLJ
_b05
_c20140429
_lUCH01
_h1210
590 _aE5652GLJ
_b05
_c20140429
_lUCH01
_h1445
650 1 4 _aBacterias fitopatógenas.
_99326
650 1 4 _aHongos fitopatógenos
_xFisiología y morfología.
_9126607
650 1 4 _aHongos
_xIdentificación.
_956105
650 1 4 _aRoya de la zarzamora.
_9126672
856 _aFinding aid
_uhttp://10.13.5.2/tesis/sist109438.pdf
_zTeclea aquí
901 _aBK
942 _cTESIS
942 _n0
999 _c105900
_d105900